Statistics for Most Forested European Countries

Click here to take the quiz!

General Stats

  • This quiz has been taken 21,352 times
    (2,809 since last reset)
  • The average score is 8 of 10

Answer Stats

%Country% Correct
62.1Sweden
97%
66.2Finland
96%
47.7Russia
94%
52.8Latvia
90%
53.9Estonia
89%
42.2Belarus
84%
46.5Austria
79%
61.1Slovenia
75%
42.7Bosnia & Herzegovina
63%
59.9Montenegro
58%

Score Distribution

Percentile by Number Answered

Percent of People with Each Score

Your Score History

You have not taken this quiz since the last reset